Engineering economy (Record no. 1549)

000 -LEADER
fixed length control field 00674nam a22002294a 4500
001 - CONTROL NUMBER
control field 1549
003 - CONTROL NUMBER IDENTIFIER
control field BD-DhUET
008 - FIXED-LENGTH DATA ELEMENTS--GENERAL INFORMATION
fixed length control field 000424s2001 njua b 001 0 eng
020 ## - INTERNATIONAL STANDARD BOOK NUMBER
International Standard Book Number 013028128X
040 ## - CATALOGING SOURCE
Original cataloging agency DLC
Transcribing agency DLC
Modifying agency BD-DhUET
082 00 - DEWEY DECIMAL CLASSIFICATION NUMBER
Classification number 620.02
Item number THU/2001
100 ## - MAIN ENTRY--PERSONAL NAME
Personal name Thuesen, G. J.
245 10 - TITLE STATEMENT
Title Engineering economy
Statement of responsibility, etc. by G.J. Thuesen and W.J. Fabrycky
250 ## - EDITION STATEMENT
Edition statement 9th ed.
260 ## - PUBLICATION, DISTRIBUTION, ETC. (IMPRINT)
Place of publication, distribution, etc. New Jersy
Name of publisher, distributor, etc. Prentice Hall
Date of publication, distribution, etc. 2001
300 ## - PHYSICAL DESCRIPTION
Extent xiv, 637 p.
Other physical details ill.
Dimensions 25 cm.
490 ## - SERIES STATEMENT
Series statement Prentice hall international series in industrial and sytems engineering
504 ## - BIBLIOGRAPHY, ETC. NOTE
Bibliography, etc Includes bibliographies
650 #0 - SUBJECT ADDED ENTRY--TOPICAL TERM
Topical term or geographic name as entry element Engineering economy
700 1# - ADDED ENTRY--PERSONAL NAME
Personal name Fabrycky, W. J.
942 ## - ADDED ENTRY ELEMENTS (KOHA)
Koha item type General Book
Holdings
Withdrawn status Koha full call number Koha issues (times borrowed) Date acquired Koha date last seen Sublocation or collection (holding branch) Not for loan Damaged status Koha normalized classification for sorting Location (home branch) Lost status Piece designation (barcode) Price effective from Koha item type Copy number Shelving location Koha date last borrowed Source of classification or shelving scheme
 620.02/THU/2001 2014-09-082014-09-08Central Library, BUET  620_000000000000000_02THU2001Central Library, BUET 1025962014-09-08General Book1Circulation section  
 620.02/THU/2001 2014-09-082014-09-08Central Library, BUET  620_000000000000000_02THU2001Central Library, BUET 1025942014-09-08General Book2Circulation section  
 620.02/THU/200112014-09-082021-12-20Central Library, BUET  620_000000000000000_02THU2001Central Library, BUET 1025902014-09-08General Book3Circulation section2021-11-29 
 620.02/THU/2001 2014-09-082014-09-08Central Library, BUET  620_000000000000000_02THU2001Central Library, BUET 1025952014-09-08General Book4Circulation section  
 620.02/THU/2001 2014-09-082014-09-08Central Library, BUET  620_000000000000000_02THU2001Central Library, BUET 1025892014-09-08General Book5Circulation section  
 620.02/THU/2001 2014-09-082014-09-08Central Library, BUET  620_000000000000000_02THU2001Central Library, BUET 1025882014-09-08General Book6Circulation section  
 620.02/THU/200122014-09-082022-04-16Central Library, BUET  620_000000000000000_02THU2001Central Library, BUET 1025922014-09-08General Book8Circulation section2022-03-21 
 620.02/THU/2001 2014-09-082014-09-08Central Library, BUET  620_000000000000000_02THU2001Central Library, BUET 1025912014-09-08General Book9Circulation section  
 620.02/THU/2001 2014-09-152014-09-15Central Library, BUET  620_000000000000000_02THU2001Central Library, BUET 1025932014-09-15General Book10Circulation section  
 620.02/THU/200132014-09-272021-12-20Central Library, BUET  620_000000000000000_02THU2001Central Library, BUET 1018772014-09-27General Book11Circulation section2021-12-04 
 620.02/THU/2001 2014-10-192014-10-19Central Library, BUET  620_000000000000000_02THU2001Central Library, BUET 1128382014-10-19General Book12Circulation section  
 620.02/THU/2001 2014-11-232014-11-23Central Library, BUET  620_020000000000000_THU_2001Central Library, BUET 1018782014-11-23General Book13Circulation section